Wymień zwycięzców Ultraligi (drużyny) - Statystyki

Ogólne statystyki
  • Ten quiz został rozwiązany 260 razy
  • Średni wynik to 12 z 13
Statystyki odpowiedzi
Sezony Drużyny % Poprawnych
Sezon 8 Zero Tenacity
98%
Sezon 9 Zero Tenacity
98%
Wiosna 2024 Zero Tenacity
98%
Lato 2024 Zero Tenacity
98%
Sezon 1 Rogue EC
97%
Sezon 3 AGO ROGUE
94%
Sezon 5 AGO ROGUE
94%
Sezon 7 AGO ROGUE
94%
Sezon 0 Illuminar Gaming
93%
Sezon 2 devils.one
86%
Sezon 6 PDW
79%
Sezon 4 K1CK Neosurf
76%
Sezon 10 Orbit Anonymo
76%
Nie znaleziono quizów pasujących do podanych kryteriów
Rozkład punktacji
Procent ludzi z każdym wynikiem
Percentyl według liczby udzielonych odpowiedzi
Twoja historia wyników
Nie rozwiązałeś tego quizu